000 00332nam a2200121Ia 4500
008 220217s9999||||xx |||||||||||||| ||und||
082 _a670.42025 YOG
100 _aYogesh Metal Industries
245 0 _aHandbook and directory of industry
260 _aAshwini Agarwal
_bMumbai
_c2008
300 _b4000
650 _aENGINEERING
999 _c176637
_d176637